000 00963nam a2200289Ia 4500
001 C9624
003 IT-RoPAU
008 130308s9999 xx 000 0 und d
040 _aIT-RoPAU
040 _cIT-RoPAU
041 _aITALIANO
100 _aLecourt Edith
100 _gCodice Aut. SPICS: 39372
245 _aMusica e struttura psichica
245 _bMusica & Terapia-3/1-Quaderni Italiani di musicoterapia
250 _a1a ed.
260 _aALESSANDRIA
260 _bBoccassi Ugo
260 _c1995 [1° Ed.:1995 - Ed.Ling.Originale:1995]
300 _a"3 p. (prefazione: no ; testo: 3 [pagine: 4-6])"
500 _aSensorialità sonora Come Base della Musica e della Parola. Struttura Gruppale della Musica. Rapporto tra Struttura Musicale e Struttura Psichica. ritorno Agli Aspetti Applicativi, Alla musicoterapia .
650 _aSAGGI MUSICALI
650 _eCodice materia Spics: 7011
942 _cBK
957 _71
999 _c85873
_d85873
999 _g1